000 00446nam a22001697a 4500
003 NUST - PNEC
005 20170116181157.0
008 160113b xxu||||| |||| 00| 0 eng d
020 _a-
040 _cLIBRARY
082 _a621.89 BOY
100 _916055
_aBoyd, John
245 _aASLE transactions
_cAmerican Society of Lubrication Engineers
260 _aLondon:
_bPergamon Press;
650 _916056
_aLubrications
_xME
942 _2ddc
_cBK
999 _c71278
_d71278